| 000 | 01323nam a2200313 a 4500 | ||
|---|---|---|---|
| 001 | BRCA_3003 | ||
| 005 | 20190320204051.0 | ||
| 008 | 190109s1692----ne-a---###---#000-0#fre-u | ||
| 041 | _afre | ||
| 044 | _ane | ||
| 084 |
_a323 _b.W65 _c1692 |
||
| 100 | 1 |
_aCervantes Saavedra, Miguel de _d1547-1616 _9213 |
|
| 245 | 1 | 0 |
_aHistorie de l´Admirable Don Quixote de la Manche _cMiguel de Cervantes Saavedra. |
| 260 |
_aAmsterdam _bAbraham Wolfgang _c1692 |
||
| 300 |
_a4 v. _bil. _c14 cm. |
||
| 500 | _aContenido : v 1. Primera parte. Advertencia del traductor. Texto. -- v 2. Texto. -- v 3. Segunda parte. Texto. -- v 4. Texto | ||
| 500 | _aEdición : Traduit par Filleau de Saint-Martin | ||
| 500 | _aReproducción de la edición descrita bajo el número anterior, con las mismas láminas. Piel; lomeras decoradas con dorados Lúdovik Osterc | ||
| 500 | _aQM250 | ||
| 546 | _aTexto en : francés | ||
| 650 | 1 | 4 |
_aNovela española _yÉpoca clásica, 1500-1700 _9215 |
| 650 | 1 | 4 |
_aLiteratura española _yÉpoca clásica, 1500-1700 _9216 |
| 650 | 1 | 4 |
_aNovela española _ySiglo XVII _9217 |
| 650 | 1 | 4 |
_aDon Quijote (Persoanaje ficticio) _eNovela _98294 |
| 700 | 1 |
_aSaint-Martin, Francois Filleau de _d1632-1695 _eTraductor _98295 |
|
| 740 | 0 | _aEl Ingenioso Hidalgo Don Quijote de la Mancha | |
| 902 | _aQFM | ||
| 942 |
_2lcc _cB |
||
| 999 |
_c2741 _d2741 |
||